Paul's ways in Christ: (Record no. 5188)

000 -LEADER
fixed length control field 00564nam a2200181 a 4500
001 - CONTROL NUMBER
control field :::00002929$&:&@@
003 - CONTROL NUMBER IDENTIFIER
control field OkBaRHE
005 - DATE AND TIME OF LATEST TRANSACTION
control field 20000607103258.0
008 - FIXED-LENGTH DATA ELEMENTS--GENERAL INFORMATION
fixed length control field s1942 j 000 0 eng u
040 ## - CATALOGING SOURCE
Transcribing agency
100 1# - MAIN ENTRY--PERSONAL NAME
Personal name Smith, Egbert W.
245 10 - TITLE STATEMENT
Title Paul's ways in Christ:
Remainder of title illustrated and applied.
260 ## - PUBLICATION, DISTRIBUTION, ETC. (IMPRINT)
Place of publication, distribution, etc New York, NY., :
Name of publisher, distributor, etc Fleming H. Revell Co.
Date of publication, distribution, etc c1942
300 ## - PHYSICAL DESCRIPTION
Extent 152 p. ;
Dimensions 19 cm.
650 ## - SUBJECT ADDED ENTRY--TOPICAL TERM
Topical term or geographic name as entry element Paul, Saint, apostle
942 ## - ADDED ENTRY ELEMENTS (KOHA)
Source of classification or shelving scheme
Koha item type Books
Copies
Withdrawn status Source of classification or shelving scheme Barcode Koha item type Date last seen Date acquired Full call number Damaged status Shelving location Not for loan Price effective from Lost status Copy number Permanent Location
  2929Books2018-03-162010-04-14BS 2505 .S6P3 General Stacks 2010-04-14 1RHEMA Bible Training College